00591nam a2200253Ia 4500008004000000041000800040082001100048100001600059245008700075260004500162650001300207650000800220650001400228650001000242650001300252650000700265650000700272650000700279650001300286650001300299650001100312650000800323650000600331210210b1963 xxu||||| |||| 00| 0 eng d aeng a516/63 aLONEY (S L) aSolutions of the examples in a treatise on dynamics of a particle and rigid bodies aCambridgebAt the University Pressc1963 atreatise athe aSolutions arigid aparticle aon aof ain aexamples adynamics abodies aand aa